Вып. 2; Распределение и сжигание газа

Bibliographic Details
Parent link:Распределение и сжигание газа: межвузовский научный сборник/ Саратовский политехнический институт (СПИ). Вып. 2.— , 1976
Other Authors: Коваль А. А. Александр Андреевич (редактор)
Language:Russian
Published: Саратов, Изд-во СПИ, 1976
Subjects:
Format: MixedMaterials Book
KOHA link:https://koha.lib.tpu.ru/cgi-bin/koha/opac-detail.pl?biblionumber=327112

MARC

LEADER 00000nam2a2200000 4500
001 327112
005 20231102003928.0
035 |a (RuTPU)RU\TPU\book\352772 
035 |a RU\TPU\book\335241 
035 |a RU\TPU\book\355633 
090 |a 327112 
100 |a 20170322d1976 k y0rusy5003 ca 
101 0 |a rus 
102 |a RU 
105 |a a z 001zy 
200 0 |a Вып. 2 
210 |a Саратов  |c Изд-во СПИ  |d 1976 
215 |a 138 с.  |c ил. 
461 1 |0 (RuTPU)RU\TPU\book\327551  |t Распределение и сжигание газа  |o межвузовский научный сборник  |f Саратовский политехнический институт (СПИ)  |v Вып. 2  |d 1976 
606 1 |a Газы природные горючие  |x Использование комплексное  |2 stltpush  |3 (RuTPU)RU\TPU\subj\33382  |9 55637 
610 1 |a распределение 
610 1 |a сжигание 
610 1 |a горелочные устройства 
610 1 |a тепловые агрегаты 
610 1 |a газообразные топлива 
610 1 |a горение 
610 1 |a вредные вещества 
675 |a 662.767  |z rus  |v 3 
702 1 |a Коваль  |b А. А.  |g Александр Андреевич  |4 340 
801 1 |a RU  |b 63413507  |c 20170125 
801 2 |a RU  |b 63413507  |c 20210414  |g RCR 
942 |c BK